GENEVA CONVENTION -2 (Record no. 11155)

MARC details
000 -LEADER
fixed length control field 00235nam a22001217a 4500
003 - CONTROL NUMBER IDENTIFIER
control field SGT
082 ## - DEWEY DECIMAL CLASSIFICATION NUMBER
Classification number 340,ICR
100 ## - MAIN ENTRY--PERSONAL NAME
Personal name ICRC
245 ## - TITLE STATEMENT
Title GENEVA CONVENTION -2
260 ## - PUBLICATION, DISTRIBUTION, ETC. (IMPRINT)
Place of publication, distribution, etc NEW DELHI
Name of publisher, distributor, etc ICRC
Year of Publication 2006
300 ## - PAGE DESCRIPTION
No. of Pages 320
942 ## - ADDED ENTRY ELEMENTS (KOHA)
Source of classification or shelving scheme Dewey Decimal Classification
Koha item type Books
Holdings
Withdrawn status Lost status Source of classification or shelving scheme Damaged status Not for loan Collection code Home library Current library Shelving location Date acquired Vendor Name SGTU Total Checkouts Full call number Accession No. (Barcode) Date last seen Date last borrowed Bill Date Koha item type
    Dewey Decimal Classification     LAW SGT Science & Social Sciences Library SGT Science & Social Sciences Library Text Book 09/03/2017 DONATE SGTU 1 340,ICR FL775 19/02/2020 10/02/2020 09/03/2017 Books